000 01056cam a22002531 4500
001 he 67000479
003 DLC
005 20260227111444.0
008 780210s1966 is ab b f000 0 eng
010 _ahe 67000479
035 _a(OCoLC)3625966
040 _aDLC
_cCoGrU
_dOCoLC
_dDLC
041 1 _aeng
_hrus
042 _apremarc
050 0 0 _aTK1485
_b.N4313
082 _a621.3121340947
100 1 _aNesteruk, F. I͡A.
245 1 0 _aDevelopment of hydropower engineering in the U.S.S.R.
_bRazvitie gidroenergetiki SSSR
_c[by] F. Ya. Nesteruk. Translated from Russian [by Adolf Wald]
260 _aJerusalem,
_bIsrael Program for Scientific Translations;
_b[available from the U.S. Dept. of Commerce, Clearinghouse for Federal Scientific and Technical Information, Springfield, Va.]
_c1966.
300 _avii, 280 p.
_billus., maps.
_c24 cm.
500 _aAt head of title: Institute of History of Natural Science and Engineering, Academy of Sciences of the U.S.S.R.
504 _aBibliography: p. 274-279.
650 0 _aWater-power
_zSoviet Union.
999 _c32215
_d32215